000 01506cam a2200397 a 4500
001 14797259
003 ARRUPE
005 20130918115354.0
008 070405s2006 enka 001 0 eng d
010 _a 2007405246
015 _aGBA676146
_2bnb
016 7 _a013546890
_2Uk
020 _a0470056819 (pbk.)
020 _a9780470056813 (pbk.)
035 _a(OCoLC)ocm71284803
040 _aUKM
_cUKM
_dBAKER
_dDPL
_dYDXCP
_dDLC
042 _alccopycat
043 _ae-uk---
050 0 0 _aDA28.1
_b.W478 2006
100 1 _aWilkinson, Philip,
_d1955-
_9491
245 1 4 _aThe British monarchy for dummies /
_cPhilip Wilkinson.
260 _aChichester :
_bJohn Wiley,
_c2006.
300 _axxii, 380p.;
_c24 cm.
440 0 _a--For dummies
_9492
650 0 _aMonarchy
_zGreat Britain
_xHistory.
_9493
650 0 _aMonarchy
_zGreat Britain.
_9494
650 0 _aQueens
_zGreat Britain.
_9495
651 0 _aGreat Britain
_xKings and rulers.
_9496
651 0 _aGreat Britain
_xHistory.
_9497
856 4 1 _3Table of contents only
_uhttp://www.loc.gov/catdir/enhancements/fy0741/2007405246-t.html
856 4 2 _3Publisher description
_uhttp://www.loc.gov/catdir/enhancements/fy0741/2007405246-d.html
856 4 2 _3Contributor biographical information
_uhttp://www.loc.gov/catdir/enhancements/fy0741/2007405246-b.html
906 _a7
_bcbc
_ccopycat
_d2
_encip
_f20
_gy-gencatlg
942 _2lcc
_cMONOGRAPH
999 _c117861
_d117861